<?xml version="1.0" encoding="UTF-8"?><?xml-stylesheet type="text/xsl" href="static/style.xsl"?><OAI-PMH xmlns="http://www.openarchives.org/OAI/2.0/" xmlns:xsi="http://www.w3.org/2001/XMLSchema-instance" xsi:schemaLocation="http://www.openarchives.org/OAI/2.0/ http://www.openarchives.org/OAI/2.0/OAI-PMH.xsd"><responseDate>2026-04-17T11:09:13Z</responseDate><request verb="GetRecord" identifier="oai:www.recercat.cat:11351/10390" metadataPrefix="marc">https://recercat.cat/oai/request</request><GetRecord><record><header><identifier>oai:recercat.cat:11351/10390</identifier><datestamp>2025-10-24T10:20:54Z</datestamp><setSpec>com_2072_378070</setSpec><setSpec>com_2072_378040</setSpec><setSpec>col_2072_378092</setSpec></header><metadata><record xmlns="http://www.loc.gov/MARC21/slim" xmlns:dcterms="http://purl.org/dc/terms/" xmlns:xsi="http://www.w3.org/2001/XMLSchema-instance" xmlns:doc="http://www.lyncode.com/xoai" xsi:schemaLocation="http://www.loc.gov/MARC21/slim http://www.loc.gov/standards/marcxml/schema/MARC21slim.xsd">
   <leader>00925njm 22002777a 4500</leader>
   <datafield ind2=" " ind1=" " tag="042">
      <subfield code="a">dc</subfield>
   </datafield>
   <datafield ind2=" " ind1=" " tag="720">
      <subfield code="a">CALVO ORTEGA, JUAN FRANCISCO</subfield>
      <subfield code="e">author</subfield>
   </datafield>
   <datafield ind2=" " ind1=" " tag="720">
      <subfield code="a">Hermida López, Marcelino</subfield>
      <subfield code="e">author</subfield>
   </datafield>
   <datafield ind2=" " ind1=" " tag="260">
      <subfield code="c">2023-10-02T10:33:29Z</subfield>
   </datafield>
   <datafield ind2=" " ind1=" " tag="260">
      <subfield code="c">2023-10-02T10:33:29Z</subfield>
   </datafield>
   <datafield ind2=" " ind1=" " tag="260">
      <subfield code="c">2023-07-24</subfield>
   </datafield>
   <datafield ind2=" " ind1=" " tag="520">
      <subfield code="a">Monte Carlo; Commissioning</subfield>
   </datafield>
   <datafield ind2=" " ind1=" " tag="520">
      <subfield code="a">Monte Carlo; Puesta en marcha</subfield>
   </datafield>
   <datafield ind2=" " ind1=" " tag="520">
      <subfield code="a">Monte Carlo; Posada en marxa</subfield>
   </datafield>
   <datafield ind2=" " ind1=" " tag="520">
      <subfield code="a">Background:&#xd;
The purpose was to validate the PRIMO Monte Carlo software to be used during the commissioning of a TPS.&#xd;
Materials and methods:&#xd;
The Acuros XB v. 16.1 algorithm of the Eclipse was configured for 6 MV and 6 MV flattening-filter-free (FFF) photon beams, from a TrueBeam linac equipped with a high-definition 120-leaf multileaf collimator (MLC). PRIMO v. 0.3.64.1814 software was used with the phase space files provided by Varian and benchmarked against the reference dosimetry dataset published by the Imaging and Radiation Oncology Core–Houston (IROC-H).&#xd;
Thirty Eclipse clinical intensity-modulated radiation therapy (IMRT)/volumetric modulated arc therapy (VMAT) plans were verified in three ways: 1) using the PTW Octavius 4D (O4D) system; 2) the Varian Portal Dosimetry system and 3) the PRIMO software. Clinical validation of PRIMO was completed by comparing the simulated dose distributions on the O4D phantom against dose measurements for these 30 clinical plans. Agreement evaluations were performed using a 3% global/2 mm gamma index analysis.&#xd;
Results:&#xd;
PRIMO simulations agreed with the benchmark IROC-H data within 2.0% for both energies.&#xd;
Gamma passing rates (GPRs) from the 30 clinical plan verifications were (6 MV/6MV FFF): 99.4% ± 0.5%/99.9% ± 0.1%, 99.8% ± 0.4% /98.9% ± 1.4%, 99.7% ± 0.4%/99.7% ± 0.4%, for the 1), 2) and 3) verification methods, respectively. Agreement between PRIMO simulations on the O4D phantom and 3D dose measurements resulted in GPRs of 97.9% ± 2.4%/ 99.7% ± 0.4%.&#xd;
Conclusion:&#xd;
The PRIMO software is a valuable tool for dosimetric verification of clinical plans during the commissioning of the primary TPS.</subfield>
   </datafield>
   <datafield ind1="8" ind2=" " tag="024">
      <subfield code="a">http://hdl.handle.net/11351/10390</subfield>
   </datafield>
   <datafield tag="653" ind2=" " ind1=" ">
      <subfield code="a">Radioteràpia</subfield>
   </datafield>
   <datafield tag="653" ind2=" " ind1=" ">
      <subfield code="a">Programari</subfield>
   </datafield>
   <datafield tag="653" ind2=" " ind1=" ">
      <subfield code="a">Radiació - Dosimetria</subfield>
   </datafield>
   <datafield tag="653" ind2=" " ind1=" ">
      <subfield code="a">ANALYTICAL, DIAGNOSTIC AND THERAPEUTIC TECHNIQUES, AND EQUIPMENT::Therapeutics::Therapy, Computer-Assisted::Radiotherapy Planning, Computer-Assisted</subfield>
   </datafield>
   <datafield tag="653" ind2=" " ind1=" ">
      <subfield code="a">TÉCNICAS Y EQUIPOS ANALÍTICOS, DIAGNÓSTICOS Y TERAPÉUTICOS::terapéutica::tratamiento asistido por ordenador::planificación radioterápica asistida por ordenador</subfield>
   </datafield>
   <datafield ind2="0" ind1="0" tag="245">
      <subfield code="a">PRIMO Monte Carlo software as a tool for commissioning of an external beam radiotherapy treatment planning system</subfield>
   </datafield>
</record></metadata></record></GetRecord></OAI-PMH>